| 000 | 00488nam a2200181Ia 4500 | ||
|---|---|---|---|
| 008 | 191130s2007##################000#0#eng## | ||
| 020 | _a9788178299167 | ||
| 040 |
_aACL _cACL |
||
| 082 | _a658.4092 ROW | ||
| 100 | _aRowe, Glenn W | ||
| 245 |
_aCases in leadership _cW.Glenn Rowe |
||
| 260 |
_aThousand Oaks, CA _bSAGE Publications _c2007 |
||
| 300 | _ax, 421 p. ;25 cm | ||
| 650 | _aManagement | ||
| 990 | _aeb45381aac10000c774f2b8151c04a18 | ||
| 991 | _a125327 | ||
| 999 |
_c124882 _d124882 |
||